Introductory chemical engineering thermodynamics / (Record no. 21003)

MARC details
000 -LEADER
fixed length control field 01015cam a22003135a 4500
001 - CONTROL NUMBER
control field 17102804
005 - DATE AND TIME OF LATEST TRANSACTION
control field 20151101131744.0
008 - FIXED-LENGTH DATA ELEMENTS--GENERAL INFORMATION
fixed length control field 120103t2012 njua frbd 001 0 eng d
010 ## - LIBRARY OF CONGRESS CONTROL NUMBER
LC control number 2011050292
020 ## - INTERNATIONAL STANDARD BOOK NUMBER
International Standard Book Number 9780136068549 (hardcover : alk. paper)
020 ## - INTERNATIONAL STANDARD BOOK NUMBER
International Standard Book Number 0136068545
040 ## - CATALOGING SOURCE
Original cataloging agency DLC
Language of cataloging eng
Transcribing agency DLC
Modifying agency DLC
-- EG-ScBUE
082 04 - DEWEY DECIMAL CLASSIFICATION NUMBER
Classification number 660.2969
Item number ELL
Edition number 22
100 1# - MAIN ENTRY--PERSONAL NAME
Personal name Elliott, J. Richard.
9 (RLIN) 38621
245 10 - TITLE STATEMENT
Title Introductory chemical engineering thermodynamics /
Statement of responsibility, etc J. Richard Elliott, Carl T. Lira.
250 ## - EDITION STATEMENT
Edition statement 2nd ed.
260 ## - PUBLICATION, DISTRIBUTION, ETC. (IMPRINT)
Place of publication, distribution, etc Upper Saddle River :
Name of publisher, distributor, etc Prentice Hall / Pearson Education,
Date of publication, distribution, etc c.2012.
300 ## - PHYSICAL DESCRIPTION
Extent xxvii, 876 p. :
Other physical details ill. ;
Dimensions 26 cm.
500 ## - GENERAL NOTE
General note Index : p. 869-876.
500 ## - GENERAL NOTE
General note Includes glossary.
504 ## - BIBLIOGRAPHY, ETC. NOTE
Bibliography, etc Includes bibliographical references.
650 #0 - SUBJECT ADDED ENTRY--TOPICAL TERM
Topical term or geographic name as entry element Thermodynamics.
Source of heading or term BUEsh
650 #0 - SUBJECT ADDED ENTRY--TOPICAL TERM
Topical term or geographic name as entry element Chemical engineering.
Source of heading or term BUEsh
651 ## - SUBJECT ADDED ENTRY--GEOGRAPHIC NAME
Source of heading or term BUEsh
653 ## - INDEX TERM--UNCONTROLLED
Resource For college Engineering, Petroleum
Arrived date list November2015
655 ## - INDEX TERM--GENRE/FORM
Form subdivision Reading book
-- 34232
700 1# - ADDED ENTRY--PERSONAL NAME
Personal name Lira, Carl T.
942 ## - ADDED ENTRY ELEMENTS (KOHA)
Source of classification or shelving scheme Dewey Decimal Classification
Call number prefix 660.2969 ELL
Holdings
Withdrawn status Item status Source of classification or shelving scheme Damaged status Not for loan Vendor Home library Current library Shelving location Date acquired Source of acquisition Total Checkouts Full call number Barcode Date last seen Koha item type
    Dewey Decimal Classification     Baccah Central Library Central Library First floor 01/11/2015 Purchase   660.2969 ELL 000031200 15/07/2025 Book - Borrowing
    Dewey Decimal Classification     Baccah Central Library Central Library First floor 01/11/2015 Purchase   660.2969 ELL 000031264 15/07/2025 Book - Borrowing
    Dewey Decimal Classification     Baccah Central Library Central Library First floor 01/11/2015 Purchase   660.2969 ELL 000031263 15/07/2025 Book - Borrowing